[Event "RUS-CHN Match Blitz"]
[Site "Sochi RUS"]
[Date "2009.08.23"]
[Round "1"]
[White "Timofeev,Arty"]
[Black "Zhou Jianchao"]
[Result "0-1"]
[WhiteElo "2681"]
[BlackElo "2623"]
[EventDate "2009.08.23"]

1. e4 c5 2. Nf3 d6 3. d4 cxd4 4. Nxd4 Nf6 5. Nc3 a6 6. Be3 e6 7. g4 h6 8.
h3 Nc6 9. f4 e5 10. Nb3 exf4 11. Bxf4 Be6 12. Qe2 Nd7 13. O-O-O Nde5 14.
Nd5 Be7 15. Nxe7 Qxe7 16. Kb1 O-O-O 17. Qf2 f6 18. Be2 Kb8 19. Rd2 d5 20.
exd5 Rxd5 21. Rxd5 Bxd5 22. Re1 Rd8 23. a3 Bxb3 24. cxb3 Ka8 25. Ka2 Qd7
26. Be3 Qf7 27. Qf5 Qd7 28. Qe4 Qd5 29. Qc2 Qa5 30. Qc3 Qc7 31. Bf1 Qd7 32.
Bb6 Rc8 33. Bg2 Ne7 34. Qa5 N7c6 35. Qa4 Qe6 36. Rc1 Nd3 37. Rc3 Qe2 38.
Rxd3 Qxd3 39. Qf4 Qb5 40. Be3 Na5 41. Qa4 Qxa4 42. bxa4 Rc2 43. Bf1 Nc4 44.
Bd4 Nd6 45. a5 Nb5 46. Bb6 Rc1 47. Bd3 Rh1 48. Bc5 Rxh3 49. Bf5 Rg3 50. a4
Nc7 51. Bf8 g6 52. Bd6 Rg2 53. Bxg6 Rxg4 54. Bf5 Rg5 55. Bc8 Nd5 56. b4 Rg8
57. Be6 Rd8 58. Bc5 Nc7 59. Bc4 Rc8 60. Kb3 h5 61. b5 axb5 62. axb5 Nxb5
63. Be7 Nd4+ 64. Kc3 Nc6 0-1

[Event "RUS-CHN Match Blitz"]
[Site "Sochi RUS"]
[Date "2009.08.23"]
[Round "2"]
[White "Zhou Jianchao"]
[Black "Vitiugov,N"]
[Result "0-1"]
[WhiteElo "2623"]
[BlackElo "2681"]
[EventDate "2009.08.23"]

1. Nf3 Nf6 2. d4 c5 3. dxc5 Na6 4. c6 bxc6 5. c4 g6 6. Nc3 Bg7 7. e4 O-O 8.
Bd3 d6 9. h3 Nc5 10. O-O a5 11. Be3 Nxd3 12. Qxd3 Qc7 13. b3 Nd7 14. Rac1
Bb7 15. Qd2 Rfe8 16. Bh6 Bh8 17. Rfe1 Nc5 18. Be3 Ne6 19. Nd4 Qd7 20. Nxe6
Qxe6 21. Bd4 Bxd4 22. Qxd4 c5 23. Qd2 Bc6 24. Nd5 Bxd5 25. exd5 Qf6 26. Re3
a4 27. Rce1 axb3 28. axb3 Ra1 29. Kh2 Rxe1 30. Qxe1 Kf8 31. Qd2 Ra8 32. Rf3
Qe5+ 33. g3 Ra1 34. h4 Qe1 35. Qxe1 Rxe1 36. Kg2 Rb1 37. Re3 Rb2 38. g4 h5
39. gxh5 gxh5 40. Kg3 Kg7 41. Rxe7 Rxb3+ 42. f3 Rb4 43. Rd7 Rxc4 44. Rxd6
Rd4 45. Rd7 Kf6 46. f4 Rd3+ 47. Kf2 c4 48. Rc7 Rxd5 49. Rxc4 Kf5 50. Ke3
Kg4 51. f5+ Kxf5 52. Rf4+ Ke6 53. Ra4 Re5+ 54. Kf4 Rf5+ 55. Ke4 Rb5 56.
Ra6+ Ke7 57. Kf4 Kf8 58. Rc6 Kg7 59. Ra6 f6 60. Ra4 Kg6 61. Rc4 Rf5+ 62.
Kg3 Rb5 63. Kf4 Rb1 64. Kf3 Rg1 65. Ra4 Rf1+ 66. Kg3 Re1 67. Kf3 Kf5 68.
Ra5+ Re5 69. Ra4 Rb5 70. Ra3 Rb4 71. Ra5+ Kg6 72. Kg3 Rg4+ 73. Kh3 Re4 74.
Kg3 Re5 75. Ra4 Kf5 76. Kf3 Rb5 77. Ra3 Ke5 78. Re3+ Kf5 79. Ra3 Ke6 80.
Re3+ Re5 81. Ra3 Rf5+ 82. Kg3 Rb5 83. Re3+ Kf5 84. Rf3+ Kg6 85. Ra3 Rb4 86.
Ra5 Rb3+ 87. Kg2 Rc3 88. Rb5 Ra3 89. Rc5 Re3 90. Ra5 Re5 91. Ra4 Kf5 92.
Kf3 Rb5 93. Ra3 Rb4 94. Ra5+ Kg6 95. Kg3 Rg4+ 96. Kh3 f5 97. Ra6+ Kg7 98.
Ra5 Kf6 99. Ra6+ Ke5 100. Rh6 Kf4 101. Rxh5 Rg1 102. Rg5 Rh1+ 103. Kg2 Rxh4
0-1

[Event "RUS-CHN Match Blitz"]
[Site "Sochi RUS"]
[Date "2009.08.23"]
[Round "7"]
[White "Vitiugov,N"]
[Black "Zhou Jianchao"]
[Result "1-0"]
[WhiteElo "2681"]
[BlackElo "2623"]
[EventDate "2009.08.23"]

1. c4 e5 2. Nc3 Nf6 3. e3 Bb4 4. Nge2 c6 5. a3 Ba5 6. b4 Bc7 7. d4 d6 8.
Bb2 Nbd7 9. Ng3 O-O 10. Be2 Nb6 11. dxe5 dxe5 12. Qc2 Be6 13. Rd1 Qe7 14.
Nf5 Bxf5 15. Qxf5 a5 16. b5 Bd6 17. a4 Bb4 18. O-O Rfe8 19. Qc2 Nfd7 20.
Ne4 Nc5 21. Nd6 Red8 22. Nf5 Qe6 23. f4 Ncxa4 24. Bxe5 f6 25. Bd4 Bc5 26.
bxc6 bxc6 27. h3 Bxd4 28. exd4 g6 29. Nh6+ Kg7 30. Ng4 h5 31. Nf2 Qe3 32.
Rd3 Qe7 33. Bf3 Qb4 34. c5 Nd5 35. Rb1 Nac3 36. Rxb4 axb4 37. Bxd5 Nxd5 38.
Ne4 Nxf4 39. Rf3 Nd5 40. Nd6 Ra1+ 41. Kh2 Rda8 42. Qe4 R8a7 43. Rg3 Ne7 44.
Qe6 1-0